000 00847nam a2200265 u 4500
001 000046627
005 20260120073951.0
008 090713s2015 dr r 000 0 spa d
020 _a9789945084665
040 _aDO-SdBNP
_bspa
_cBNPHU
082 _a248
_bV145L, 2015
100 1 _aValdez, Manuel,
_d1965-
_911238
245 1 3 _aEl lenguaje de la guerra espiritual /
_cManuel Valdez.
250 _a10a ed.
260 _aSanto Domingo :
_bAsociación Ministerial,MBC,
_c2015.
300 _a171 p. ;
_c21 cm.
500 _aIncluye datos biográficos del autor en la contracubierta
504 _aBibliografía : p. 171
590 _aInventariado, 2018/BT
650 4 _aGuerra espiritual
_911239
650 0 _aVida espiritual
_9268
650 4 _aBien y mal
_91306
650 0 _aCristianismo
_9885
910 _aValidado. Control de calidad. MFF
999 _c46116
_d46116